[Event "CHN-chTB"]
[Site "Harbin"]
[Date "2019.07.27"]
[Round "11.3"]
[White "Xu, Zhihang"]
[Black "Cai, Yuhao"]
[Result "1-0"]
[WhiteElo "2501"]
[BlackElo "2006"]
[PlyCount "59"]
[EventDate "2019.07.20"]
[EventType "team-swiss"]
[EventRounds "11"]
[EventCountry "CHN"]
[SourceTitle "CBM 191 Extra"]
[Source "ChessBase"]
[SourceDate "2019.09.30"]
[SourceVersion "1"]
[SourceVersionDate "2019.09.30"]
[SourceQuality "1"]
[WhiteTeam "Qingdao Qingwei"]
[BlackTeam "Shanghai Chess and Card Center"]
[WhiteTeamCountry "CHN"]
[BlackTeamCountry "CHN"]

1. d4 Nf6 2. c4 g6 3. Nc3 Bg7 4. g3 0-0 5. Bg2 d6 6. Nf3 Nc6 7. 0-0 a6 8. b3 Rb8 9. d5 Na5 10. Bg5 b5 11. cxb5 axb5 12. b4 Nc4 13. Qb3 h6 14. Bxf6 Bxf6 15. Rac1 Bb7 16. Rfd1 Nb6 17. e4 Qe8 18. Ne2 Nc4 19. Ned4 Ra8 20. Nxb5 Qxb5 21. Rxc4 Qb6 22. a4 c6 23. dxc6 Bxc6 24. a5 Qb7 25. e5 dxe5 26. Rxc6 Qxc6 27. Nxe5 Qb5 28. Bxa8 Bxe5 29. Rd5 Qe2 30. Qe3 1-0

[Event "CHN-chB"]
[Site "Hangzhou"]
[Date "2019.07.03"]
[Round "3"]
[White "Peng, Hongchi"]
[Black "Cai, Yuhao"]
[Result "1-0"]
[WhiteElo "2337"]
[BlackElo "2006"]
[PlyCount "57"]
[EventDate "2019.07.02"]
[EventType "swiss"]
[EventRounds "11"]
[EventCountry "CHN"]
[SourceTitle "CBM 191 Extra"]
[Source "ChessBase"]
[SourceDate "2019.09.30"]
[SourceVersion "1"]
[SourceVersionDate "2019.09.30"]
[SourceQuality "1"]

1. e4 c5 2. Nf3 Nc6 3. Nc3 g6 4. d4 cxd4 5. Nxd4 Bg7 6. Be3 Nf6 7. Bc4 d6 8. f3 Qb6 9. Ncb5 0-0 10. Nf5 Qa5+ 11. Bd2 Qd8 12. Nxg7 Kxg7 13. Qe2 a6 14. Nc3 b5 15. Bb3 Nd4 16. Qe3 Nxb3 17. axb3 Be6 18. h4 Qc7 19. h5 Kg8 20. Qh6 b4 21. Ne2 Qxc2 22. Bxb4 Bxb3 23. Bc3 e5 24. Rc1 Qd3 25. Kf2 Rae8 26. Bd2 Re6 27. Bg5 Nxh5 28. g4 Rf6 29. Rh3 1-0

[Event "Wch U12"]
[Site "Batumi"]
[Date "2016.10.30"]
[Round "11"]
[White "Cohen Revivo, Shoham"]
[Black "Cai, Yuhao"]
[Result "1/2-1/2"]
[WhiteElo "2035"]
[BlackElo "1860"]
[PlyCount "80"]
[EventDate "2016.10.19"]
[EventType "swiss"]
[EventRounds "11"]
[EventCountry "GEO"]
[SourceTitle "EXT 2018"]
[Source "ChessBase"]
[SourceDate "2017.10.13"]
[SourceVersion "1"]
[SourceVersionDate "2017.10.13"]
[SourceQuality "1"]

1. e4 c5 2. Nc3 Nc6 3. Bb5 g6 4. Bxc6 dxc6 5. d3 e5 6. f4 exf4 7. Bxf4 Bg7 8. Nf3 Ne7 9. 0-0 0-0 10. Qd2 Bg4 11. Bh6 Bxf3 12. Rxf3 Qd4+ 13. Kh1 Rad8 14. Bxg7 Kxg7 15. Raf1 b6 16. Qg5 Ng8 17. Ne2 Qxb2 18. Ng3 f6 19. Nh5+ Kh8 20. Nxf6 Nxf6 21. Rxf6 Rxf6 22. Qxf6+ Qxf6 23. Rxf6 Rd4 24. Rxc6 Ra4 25. h4 Rxa2 26. c4 Ra3 27. Rd6 Rb3 28. Rd7 a5 29. e5 Kg8 30. Kg1 a4 31. Kf2 a3 32. Ke3 Rb2 33. g3 Rb1 34. Ra7 Ra1 35. Ke4 a2 36. Kd5 Rd1 37. Rxa2 Rxd3+ 38. Kc6 Rxg3 39. Kxb6 Re3 40. Kxc5 Rxe5+ 1/2-1/2

[Event "Wch U12"]
[Site "Batumi"]
[Date "2016.10.29"]
[Round "10"]
[White "Cai, Yuhao"]
[Black "Huang, Renjie"]
[Result "0-1"]
[WhiteElo "1860"]
[BlackElo "2084"]
[PlyCount "102"]
[EventDate "2016.10.19"]
[EventType "swiss"]
[EventRounds "11"]
[EventCountry "GEO"]
[SourceTitle "EXT 2018"]
[Source "ChessBase"]
[SourceDate "2017.10.13"]
[SourceVersion "1"]
[SourceVersionDate "2017.10.13"]
[SourceQuality "1"]

1. e4 c5 2. Nf3 d6 3. d4 cxd4 4. Nxd4 Nf6 5. Nc3 g6 6. Be3 Bg7 7. f3 0-0 8. Qd2 Nc6 9. 0-0-0 d5 10. Qe1 e5 11. Nxc6 bxc6 12. exd5 Nxd5 13. Bc4 Be6 14. Bc5 Qg5+ 15. Kb1 Rfb8 16. Bb3 Qxg2 17. Nxd5 cxd5 18. Bd6 Re8 19. Ba4 Rec8 20. Bxe5 Bf5 21. Rd2 Qxf3 22. Bxg7 Kxg7 23. Rf1 Qe4 24. Bb3 Qxe1+ 25. Rxe1 Rc5 26. Ka1 Be4 27. Red1 f5 28. c3 f4 29. Bxd5 Bxd5 30. Rxd5 Rxd5 31. Rxd5 f3 32. Rd2 Re8 33. Kb1 Re2 34. Kc1 f2 35. Rxe2 f1Q+ 36. Kd2 Qf4+ 37. Kd3 g5 38. c4 g4 39. Rc2 Qf5+ 40. Kc3 Qe5+ 41. Kb3 Qc5 42. Ka4 h5 43. b4 Qc6+ 44. Ka5 h4 45. c5 g3 46. hxg3 hxg3 47. b5 Qe4 48. Rc1 Qe3 49. Rc4 Qa3+ 50. Ra4 Qc3+ 51. Rb4 g2 0-1

[Event "Wch U12"]
[Site "Batumi"]
[Date "2016.10.22"]
[Round "4"]
[White "Gharibyan, Mamikon"]
[Black "Cai, Yuhao"]
[Result "0-1"]
[WhiteElo "2263"]
[BlackElo "1860"]
[PlyCount "87"]
[EventDate "2016.10.19"]
[EventType "swiss"]
[EventRounds "11"]
[EventCountry "GEO"]
[SourceTitle "EXT 2018"]
[Source "ChessBase"]
[SourceDate "2017.10.13"]
[SourceVersion "1"]
[SourceVersionDate "2017.10.13"]
[SourceQuality "1"]

1. d4 Nf6 2. c4 c5 3. d5 b5 4. cxb5 a6 5. bxa6 d6 6. Nc3 Bxa6 7. e4 Bxf1 8. Kxf1 g6 9. g3 Bg7 10. Nf3 0-0 11. Kg2 Nbd7 12. h3 Qa5 13. Qc2 Ne8 14. Bg5 f6 15. Be3 Nc7 16. h4 f5 17. h5 Bxc3 18. bxc3 Qa4 19. Qc1 Qxe4 20. Rh4 f4 21. gxf4 Nxd5 22. hxg6 Rf6 23. gxh7+ Kh8 24. Kg3 Rg6+ 25. Ng5 Rf8 26. Qh1 Rxg5+ 27. fxg5 Qe5+ 28. Kh3 Nxe3 29. Qe4 Qxc3 30. fxe3 Qxa1 31. Rf4 Qg7 32. g6 Ne5 33. a4 Nxg6 34. Rg4 Qxh7+ 35. Kg3 Rg8 36. a5 Ne5 37. Rxg8+ Qxg8+ 38. Kf2 Qa2+ 39. Kg3 Qxa5 40. Qh4+ Kg7 41. Qxe7+ Nf7 42. Kf3 Qd8 43. Qb7 c4 44. Ke4 0-1

[Event "Wch U12"]
[Site "Batumi"]
[Date "2016.10.21"]
[Round "3"]
[White "Cai, Yuhao"]
[Black "Kirillov, Dmitry1111"]
[Result "1-0"]
[WhiteElo "1860"]
[BlackElo "2114"]
[PlyCount "45"]
[EventDate "2016.10.19"]
[EventType "swiss"]
[EventRounds "11"]
[EventCountry "GEO"]
[SourceTitle "EXT 2018"]
[Source "ChessBase"]
[SourceDate "2017.10.13"]
[SourceVersion "1"]
[SourceVersionDate "2017.10.13"]
[SourceQuality "1"]

1. e4 c5 2. Nf3 e6 3. d4 cxd4 4. Nxd4 Nf6 5. Nc3 d6 6. Bc4 Be7 7. Be3 a6 8. Bb3 0-0 9. Qe2 b5 10. 0-0-0 Qc7 11. g4 b4 12. Na4 Nxe4 13. Nb6 Qxb6 14. Nxe6 Qa5 15. Nxf8 Bb7 16. Qc4 Ng5 17. Rd5 Qd8 18. Rxg5 Qxf8 19. Rf5 Bf6 20. Rg1 Nc6 21. g5 Ne7 22. Rf4 d5 23. Qxb4 1-0

[Event "World School-ch U11 11th"]
[Site "Pattaya"]
[Date "2015.05.14"]
[Round "9"]
[White "Cai, Yuhao"]
[Black "Can, Isik"]
[Result "0-1"]
[WhiteElo "1831"]
[BlackElo "1979"]
[PlyCount "108"]
[EventDate "2015.05.07"]
[EventType "swiss"]
[EventRounds "9"]
[EventCountry "THA"]
[SourceTitle "CBM 166 Extra"]
[Source "ChessBase"]
[SourceDate "2015.06.18"]
[SourceVersion "1"]
[SourceVersionDate "2015.06.18"]
[SourceQuality "1"]

1. e4 e5 2. Nf3 Nc6 3. Bc4 Bc5 4. b4 Bxb4 5. c3 Ba5 6. d4 exd4 7. Qb3 Qe7 8. 0-0 Bb6 9. e5 Na5 10. Qa4 Nxc4 11. Qxc4 Qe6 12. Qd3 Ne7 13. Ba3 h6 14. cxd4 0-0 15. Nc3 Re8 16. d5 Qf5 17. Ne4 d6 18. Rad1 Ng6 19. e6 fxe6 20. Qb5 Bd7 21. Qxd7 Qxe4 22. Rfe1 Qc4 23. Rc1 Qxd5 24. Bb2 Re7 25. Qa4 Rf8 26. Qg4 Qf5 27. Qg3 Nf4 28. Nh4 Nh3+ 29. gxh3 Bxf2+ 30. Kh1 Qd5+ 31. Qg2 Qxg2+ 32. Nxg2 Bxe1 33. Rxe1 Rf2 34. Rb1 Ref7 35. Kg1 Re2 36. Bd4 c5 37. Be3 c4 38. Rc1 d5 39. a3 e5 40. Bc5 b5 41. a4 a6 42. axb5 axb5 43. Rb1 c3 44. Rxb5 Rb2 45. Ra5 Rb1+ 46. Ne1 Rxe1+ 47. Kg2 c2 48. Ba3 Re2+ 49. Kg1 Rb7 50. Kf1 Rxh2 51. Ra8+ Kh7 52. Kg1 Rd2 53. Rf8 Rb1+ 54. Rf1 Rdd1 0-1

[Event "Wch U10"]
[Site "Durban"]
[Date "2014.09.23"]
[Round "6"]
[White "Cai, Yuhao"]
[Black "Tsoi, Dmitry"]
[Result "0-1"]
[WhiteElo "1772"]
[BlackElo "2027"]
[PlyCount "62"]
[EventDate "2014.09.20"]
[EventType "swiss"]
[EventRounds "11"]
[EventCountry "RSA"]
[SourceTitle "CBM 162 Extra"]
[Source "ChessBase"]
[SourceDate "2014.10.17"]
[SourceVersion "1"]
[SourceVersionDate "2014.10.17"]
[SourceQuality "1"]

1. e4 c5 2. Nf3 d6 3. d4 Nf6 4. Nc3 cxd4 5. Nxd4 a6 6. Bc4 e6 7. Bb3 Nbd7 8. Be3 b5 9. Qe2 Bb7 10. f3 Rc8 11. g4 Nb6 12. Bxe6 fxe6 13. Nxe6 Qe7 14. Nxf8 Nc4 15. g5 Nh5 16. Nxh7 Rxh7 17. 0-0-0 b4 18. Na4 Qe5 19. g6 Rh8 20. Bd4 Qg5+ 21. Kb1 Qb5 22. Rhe1 Qxa4 23. e5 d5 24. e6 Qc6 25. f4 Nd6 26. f5 Ne4 27. f6 Nhxf6 28. Bxf6 Nxf6 29. Qd2 a5 30. e7 Qd6 31. Re2 Ba6 0-1